000 00965nam a22002057a 4500
999 _c57139
_d57139
003 Ge_BSU
005 20191127144855.0
008 191127b1992 ge ||||| |||| 00| 0 geo d,
041 _ageo
080 _a821.353.1-32 გ-19
100 _aგამსახურდია, კ. (კონსტანტინე)
_95589
245 _aთხზულებანი [20 ტომად ] : ტ. 2 : დიონისოს ღიმილი /
_cკ. გამსახურდია ; მთ. რედ. ზ. გამსახურდია ; რედ. ს. სიგუა.
300 _a416 გვ. ;
_c20 სმ.
653 _aდიონისოს ღიმილი
653 _aთხზულებანი
653 _aოცტომეული
700 _aგამსახურდია, ზ.
_eმთ. რედაქტორი
_95590
700 _aსიგუა, ს.
_eრედაქტორი
_94626
942 _2udc
_cBK